000 00380 a2200169 4500
001 50513
020 _a9788532279781
040 _cAnchieta - Bela Vista
100 _aMachado, Ana Maria
240 1 0 _aO urso, a gansa e o leão
_lpor
245 1 0 _aO urso, a gansa e o leão
300 _a44
362 0 _a2011
440 1 _aFTD
650 4 _aLiteratura infantil
942 _cBK
999 _c50513
_d50513